[Event "Tabor op"]
[Site "Tabor"]
[Date "2012.08.05"]
[Round "9"]
[White "Kool, Gerard J"]
[Black "Chetverik, Maxim"]
[Result "0-1"]
[WhiteElo "2133"]
[BlackElo "2272"]
[PlyCount "102"]
[EventDate "2012.07.29"]
[EventType "swiss"]
[EventRounds "9"]
[EventCountry "CZE"]
[SourceTitle "EXT 2013"]
[Source "ChessBase"]
[SourceDate "2012.11.22"]
[SourceVersion "1"]
[SourceVersionDate "2012.11.22"]
[SourceQuality "1"]

1. Nf3 f5 2. e3 Nf6 3. b3 e6 4. Bb2 Be7 5. c4 0-0 6. Be2 a5 7. 0-0 d6 8. d4 c6 9. Nc3 Qc7 10. Rc1 Na6 11. a3 Bd7 12. Qc2 e5 13. c5 exd4 14. cxd6 Bxd6 15. exd4 Be6 16. h3 Bd5 17. Ne5 Qe7 18. Nxd5 Nxd5 19. Bd3 Qg5 20. Bc4 Nac7 21. f4 Qh6 22. Rce1 Kh8 23. Qd2 a4 24. b4 Rad8 25. Qf2 Qf6 26. Qc2 Qh4 27. Qf2 Qxf2+ 28. Rxf2 g6 29. g3 Kg7 30. Kg2 h6 31. Kf3 Be7 32. Rfe2 Bf6 33. Rg1 h5 34. Ba2 Nb5 35. Rc1 Ndc7 36. Rd2 Bxe5 37. fxe5 Nd5 38. Rc5 Nbc7 39. Rdc2 Ne6 40. Ra5 f4 41. h4 fxg3+ 42. Kxg3 Rf4 43. Ra7 Rg4+ 44. Kh2 Rxh4+ 45. Kg1 Rg4+ 46. Kh2 Rd7 47. Rxc6 Rf7 48. Kh1 Rf1+ 49. Kh2 Ndf4 50. Rxb7+ Kh6 51. Bd5 Rh4+ 0-1

[Event "Tabor op"]
[Site "Tabor"]
[Date "2012.07.30"]
[Round "3"]
[White "Kool, Gerard J"]
[Black "Lauko, Marian"]
[Result "1-0"]
[WhiteElo "2133"]
[BlackElo "1920"]
[PlyCount "118"]
[EventDate "2012.07.29"]
[EventType "swiss"]
[EventRounds "9"]
[EventCountry "CZE"]
[SourceTitle "EXT 2013"]
[Source "ChessBase"]
[SourceDate "2012.11.22"]
[SourceVersion "1"]
[SourceVersionDate "2012.11.22"]
[SourceQuality "1"]

1. c4 e6 2. Nf3 c6 3. e3 d5 4. Nc3 Nf6 5. Be2 g6 6. 0-0 Bg7 7. d4 0-0 8. b3 Nbd7 9. Bb2 Re8 10. Qc2 a6 11. Rfd1 dxc4 12. bxc4 b5 13. Ne5 Bb7 14. c5 Qc7 15. a3 Rad8 16. Nxd7 Rxd7 17. Bf3 Red8 18. Ne4 Nxe4 19. Qxe4 a5 20. h4 h5 21. g4 hxg4 22. Qxg4 Kf8 23. Kg2 e5 24. Rd2 Bc8 25. Qg3 Re7 26. Bc3 e4 27. Be2 Qxg3+ 28. Kxg3 a4 29. Rh1 Be6 30. h5 gxh5 31. Rxh5 Rd5 32. Rd1 f6 33. Rdh1 Red7 34. Ba5 Bf7 35. Rxd5 Bxd5 36. Bg4 Re7 37. Bd8 Rb7 38. Bb6 Kf7 39. Kf4 b4 40. axb4 a3 41. Bf5 Re7 42. Bd8 Re8 43. Ba5 a2 44. Ra1 Bh6+ 45. Kg3 Rg8+ 46. Kh2 Bf8 47. Bd7 Be7 48. b5 cxb5 49. Bxb5 Rb8 50. Bb6 Bd8 51. Bxd8 Rxd8 52. c6 Rc8 53. Kg3 Ke6 54. Kf4 Kd6 55. Ba4 Ke6 56. Bc2 f5 57. f3 Kd6 58. fxe4 fxe4 59. Bxe4 Rf8+ 1-0

[Event "Liberec op 11th"]
[Site "Liberec"]
[Date "2010.10.24"]
[Round "2"]
[White "Kool, Gerard J"]
[Black "Szablowski, Pawel"]
[Result "1-0"]
[WhiteElo "2103"]
[BlackElo "2278"]
[PlyCount "169"]
[EventDate "2010.10.23"]
[EventType "swiss"]
[EventRounds "9"]
[EventCountry "CZE"]
[SourceTitle "EXT 2011"]
[Source "ChessBase"]
[SourceDate "2010.11.26"]
[SourceVersion "1"]
[SourceVersionDate "2010.11.26"]
[SourceQuality "1"]

1. Nf3 g6 2. c4 Bg7 3. g3 c5 4. Nc3 Nc6 5. Bg2 d6 6. 0-0 e6 7. d3 Nge7 8. Bf4 h6 9. e4 0-0 10. Qc1 g5 11. Be3 Ng6 12. h4 f6 13. Ne2 Kh7 14. h5 Nge5 15. Nxe5 fxe5 16. g4 Nd4 17. Nxd4 exd4 18. Bd2 Be5 19. b4 Bd7 20. a4 cxb4 21. Bxb4 Bc6 22. Qc2 Rc8 23. Qe2 Rf4 24. a5 Qf6 25. Ra2 Rf8 26. Be1 Qf7 27. Rb2 Kh8 28. Bd2 Qf6 29. Be1 Rf7 30. Bd2 Qd8 31. Bb4 Qf8 32. Be1 Rc7 33. Bb4 Be8 34. Bd2 Qf6 35. Rfb1 Bc6 36. Rf1 Rg7 37. Rfb1 Kg8 38. Be1 Rf7 39. Rc2 Rf8 40. Rcb2 Qe7 41. Rc2 R4f7 42. Rcb2 Qf6 43. Qd2 Kh8 44. Qc1 Rb8 45. Qd2 Be8 46. Qc1 Rg7 47. Qd2 Kg8 48. Qc1 Kh7 49. Qd2 Rf7 50. Qc1 Ba4 51. Rb4 Bf4 52. Qb2 Be8 53. Qe2 Be5 54. Qd2 Bc6 55. R4b2 Rd8 56. Qc1 Kg8 57. Qd2 Kf8 58. Qc1 Ke8 59. Qd2 Kd7 60. Qc1 Kc8 61. c5 d5 62. a6 Rdd7 63. axb7+ Kb8 64. exd5 exd5 65. Qd2 Rxb7 66. Rxb7+ Rxb7 67. Rxb7+ Kxb7 68. Qb4+ Kc8 69. Bd2 Bc7 70. Qa3 Bb8 71. Qa6+ Kd7 72. Bxd5 Bc7 73. Be4 Bb8 74. Bf5+ Ke7 75. Qc8 Bf4 76. Ba5 Kf7 77. Bc7 Bxc7 78. Qxc7+ Kf8 79. Qb8+ Ke7 80. Qxa7+ Kf8 81. Qb6 Ke7 82. Be4 Kd7 83. Qxc6+ Qxc6 84. Bxc6+ Kxc6 85. f4 1-0

[Event "Tabor op"]
[Site "Tabor"]
[Date "2010.08.06"]
[Round "7"]
[White "Kool, Gerard J"]
[Black "Heinzel, Olaf"]
[Result "1/2-1/2"]
[WhiteElo "2117"]
[BlackElo "2327"]
[PlyCount "71"]
[EventDate "2010.08.01"]
[EventType "swiss"]
[EventRounds "9"]
[EventCountry "CZE"]
[SourceTitle "EXT 2012"]
[Source "ChessBase"]
[SourceDate "2011.11.24"]
[SourceVersion "1"]
[SourceVersionDate "2011.11.24"]
[SourceQuality "1"]

1. Nf3 c5 2. e3 b6 3. c4 Bb7 4. Be2 Nf6 5. b3 e6 6. 0-0 Be7 7. Bb2 0-0 8. Nc3 d5 9. cxd5 Nxd5 10. d4 Nd7 11. Nxd5 Bxd5 12. dxc5 Nxc5 13. Ne5 Bf6 14. Bd4 Bxe5 15. Bxe5 Qg5 16. Bg3 Rfd8 17. Qc2 Ne4 18. Rac1 Nxg3 19. hxg3 h5 20. Qc7 e5 21. Bc4 Rdc8 22. Qd7 Bxc4 23. Rxc4 Rxc4 24. bxc4 Qg4 25. Qd5 Rc8 26. Qb7 Qxc4 27. Qxa7 b5 28. Rb1 Qd3 29. Rf1 Qd5 30. a3 Kh7 31. Qa5 Qb3 32. Qa7 f6 33. Qd7 Ra8 34. Rc1 Qxa3 35. Rc7 Qf8 36. Qxb5 1/2-1/2

[Event "Tabor op"]
[Site "Tabor"]
[Date "2010.08.05"]
[Round "6"]
[White "Sach, Tomas"]
[Black "Kool, Gerard J"]
[Result "0-1"]
[WhiteElo "1893"]
[BlackElo "2117"]
[PlyCount "118"]
[EventDate "2010.08.01"]
[EventType "swiss"]
[EventRounds "9"]
[EventCountry "CZE"]
[SourceTitle "EXT 2012"]
[Source "ChessBase"]
[SourceDate "2011.11.24"]
[SourceVersion "1"]
[SourceVersionDate "2011.11.24"]
[SourceQuality "1"]

1. c4 e6 2. Nc3 d5 3. cxd5 exd5 4. d4 Nf6 5. e3 c6 6. Nf3 Bg4 7. Be2 Nbd7 8. h3 Bh5 9. Bd2 Bd6 10. Nh4 Bxe2 11. Qxe2 0-0 12. Nf5 Bc7 13. 0-0 Re8 14. b4 Nb6 15. b5 Qd7 16. Nh4 Qd6 17. f4 Ne4 18. Nxe4 Rxe4 19. bxc6 bxc6 20. Nf5 Qg6 21. Nh4 Qe6 22. Nf3 f6 23. Qd3 Nc4 24. Rae1 Rb8 25. Rf2 a5 26. Rfe2 Qd6 27. Bc1 a4 28. Nd2 Nxd2 29. Bxd2 Rbe8 30. Qc3 Bb6 31. Kf1 c5 32. dxc5 Bxc5 33. Qd3 f5 34. Bc3 d4 35. exd4 Rxf4+ 36. Kg1 Rxe2 37. Qxe2 Bxd4+ 38. Bxd4 Qxd4+ 39. Qe3 Kf7 40. Kh2 Qxe3 41. Rxe3 Re4 42. Rc3 Kg6 43. Rc6+ Kg5 44. Rc7 g6 45. Ra7 h6 46. Ra6 h5 47. Kg1 Rc4 48. Kh2 h4 49. Ra5 Kf4 50. Rd5 g5 51. Rd2 g4 52. hxg4 fxg4 53. Rd8 Ke3 54. Re8+ Kd3 55. Rd8+ Kc3 56. Re8 Kb2 57. Re2+ Rc2 58. Re4 h3 59. Rxg4 Rxg2+ 0-1

[Event "Brasschaat op 09th"]
[Site "Brasschaat"]
[Date "2009.08.20"]
[Round "6"]
[White "Kool, Gerard J"]
[Black "Verstraeten, Reinaert"]
[Result "1-0"]
[WhiteElo "2134"]
[BlackElo "1949"]
[PlyCount "111"]
[EventDate "2009.08.15"]
[EventType "swiss"]
[EventRounds "9"]
[EventCountry "BEL"]
[SourceTitle "EXT 2017"]
[Source "ChessBase"]
[SourceDate "2016.10.25"]
[SourceVersion "1"]
[SourceVersionDate "2016.10.25"]
[SourceQuality "1"]

1. Nf3 Nf6 2. c4 c6 3. d4 g6 4. g3 Bg7 5. Bg2 0-0 6. 0-0 d6 7. Nc3 Nbd7 8. b3 Qc7 9. Bb2 Rd8 10. Qc2 e5 11. Rfd1 Ne8 12. Rd2 Nf8 13. dxe5 dxe5 14. Rxd8 Qxd8 15. Rd1 Qe7 16. e3 Bf5 17. Qc1 Rd8 18. Rd2 Rxd2 19. Nxd2 Qd7 20. Nde4 Ne6 21. b4 Bxe4 22. Bxe4 f5 23. Bc2 Qe7 24. c5 a5 25. a3 N8c7 26. Bb3 Kf8 27. Qd2 axb4 28. axb4 Ke8 29. Na4 Ng5 30. Kg2 e4 31. Bxg7 Qxg7 32. Nb6 Nf3 33. Qd6 Ne1+ 34. Kf1 Nd3 35. Bc4 Nxb4 36. Be6 Nxe6 37. Qxe6+ Qe7 38. Qg8+ Qf8 39. Qxh7 Qxc5 40. Qd7+ Kf8 41. Qxb7 Qd6 42. Nd7+ Ke7 43. Nc5+ Kf6 44. Qxb4 Qd1+ 45. Qe1 Qc2 46. Qa1+ Kf7 47. Qd4 Qb1+ 48. Kg2 Qb5 49. Nd7 Ke7 50. Ne5 c5 51. Nxg6+ Kf7 52. Ne5+ Ke6 53. Qc4+ Qxc4 54. Nxc4 Kd5 55. Nd2 c4 56. Nxc4 1-0

[Event "EU-chT Seniors 11th"]
[Site "Velden"]
[Date "2009.04.12"]
[Round "8"]
[White "Fasser, Walter"]
[Black "Kool, Gerard J"]
[Result "1-0"]
[WhiteElo "2068"]
[BlackElo "2164"]
[PlyCount "119"]
[EventDate "2009.04.05"]
[EventType "team-swiss"]
[EventRounds "9"]
[EventCountry "AUT"]
[SourceTitle "CBM 129 Extra"]
[Source "ChessBase"]
[SourceDate "2009.05.05"]
[SourceVersion "2"]
[SourceVersionDate "2009.05.20"]
[SourceQuality "1"]

1. c4 Nf6 2. Nc3 d5 3. e3 g6 4. b3 Bg7 5. Bb2 0-0 6. Nf3 c6 7. d4 Qa5 8. Qd2 Bg4 9. Be2 Nbd7 10. Ne5 Bxe2 11. Nxd7 Nxd7 12. Nxe2 Qxd2+ 13. Kxd2 dxc4 14. bxc4 c5 15. Rab1 Nb6 16. Rhc1 cxd4 17. Bxd4 Rfd8 18. Ke1 Bxd4 19. Nxd4 Rd7 20. c5 Nd5 21. c6 bxc6 22. Nxc6 Kg7 23. Nb4 Nxb4 24. Rxb4 a5 25. Rbc4 Raa7 26. Rd1 Rdb7 27. a4 e6 28. Rdc1 Kf6 29. Kd2 Rb4 30. Rxb4 axb4 31. Ra1 Ke5 32. Kc2 Kd5 33. Kb3 Rb7 34. Rc1 Ke4 35. Rd1 e5 36. Rd6 f5 37. a5 g5 38. Rb6 Ra7 39. Rxb4+ Kd3 40. Rb5 Re7 41. a6 f4 42. Rb7 Re8 43. a7 Ra8 44. Rxh7 fxe3 45. fxe3 Kxe3 46. Rf7 e4 47. Kc4 Kd2 48. Rf2+ Ke3 49. Ra2 Kf4 50. Kd4 Rd8+ 51. Kc5 Ra8 52. Kb6 e3 53. Kb7 Rxa7+ 54. Kxa7 Ke4 55. Kb6 Kd3 56. h3 e2 57. Ra1 Kd2 58. g3 e1Q 59. Rxe1 Kxe1 60. h4 1-0

[Event "Wch Seniors 18th"]
[Site "Bad Zwischenahn"]
[Date "2008.11.03"]
[Round "7"]
[White "Jorgensen, Jorgen"]
[Black "Kool, Gerard J"]
[Result "1-0"]
[WhiteElo "2252"]
[BlackElo "2157"]
[PlyCount "39"]
[EventDate "2008.10.28"]
[EventType "swiss"]
[EventRounds "11"]
[EventCountry "GER"]
[SourceTitle "EXT 2009"]
[Source "ChessBase"]
[SourceDate "2008.11.26"]
[SourceVersion "1"]
[SourceVersionDate "2008.11.26"]
[SourceQuality "1"]

1. Nf3 Nf6 2. g3 b6 3. Bg2 Bb7 4. c4 e6 5. 0-0 Be7 6. Nc3 d5 7. cxd5 Nxd5 8. Qa4+ Qd7 9. Qc2 c5 10. Ne5 Qc7 11. Qa4+ Kf8 12. Nxd5 exd5 13. d4 c4 14. Bf4 Bd6 15. Rac1 f6 16. Nxc4 Bxf4 17. Ne3 Bc6 18. gxf4 Qd6 19. Qb3 Na6 20. Rxc6 1-0

[Event "Wch Seniors 18th"]
[Site "Bad Zwischenahn"]
[Date "2008.10.29"]
[Round "2"]
[White "Kool, Gerard J"]
[Black "Donchenko, Anatoly G"]
[Result "1/2-1/2"]
[WhiteElo "2157"]
[BlackElo "2373"]
[PlyCount "45"]
[EventDate "2008.10.28"]
[EventType "swiss"]
[EventRounds "11"]
[EventCountry "GER"]
[SourceTitle "EXT 2009"]
[Source "ChessBase"]
[SourceDate "2008.11.26"]
[SourceVersion "1"]
[SourceVersionDate "2008.11.26"]
[SourceQuality "1"]

1. Nf3 Nf6 2. c4 e6 3. g3 d5 4. d4 dxc4 5. Bg2 Bb4+ 6. Nc3 Nc6 7. 0-0 0-0 8. a3 Be7 9. e4 Na5 10. Be3 a6 11. Qe2 b5 12. Rad1 Bb7 13. Ne5 c5 14. d5 Qc7 15. f4 exd5 16. Nxd5 Nxd5 17. exd5 Bd6 18. Qh5 g6 19. Qh6 f6 20. Nf3 Nb3 21. f5 Qg7 22. fxg6 hxg6 23. Nh4 1/2-1/2

[Event "EU-chT Seniors 10th"]
[Site "Dresden"]
[Date "2008.02.15"]
[Round "5.2"]
[White "Kool, Gerard J"]
[Black "Just, Joachim"]
[Result "1-0"]
[WhiteElo "2124"]
[BlackElo "2101"]
[PlyCount "127"]
[EventDate "2008.02.11"]
[EventType "team-swiss"]
[EventRounds "9"]
[EventCountry "GER"]
[SourceTitle "CBM 122 Extra"]
[Source "ChessBase"]
[SourceDate "2008.03.04"]
[SourceVersion "1"]
[SourceVersionDate "2008.03.04"]
[SourceQuality "1"]
[WhiteTeam "DD Oranjeteam"]
[BlackTeam "Sachsen Anhalt"]
[WhiteTeamCountry "NED"]
[BlackTeamCountry "GER"]

1. Nf3 e6 2. c4 f5 3. b3 Nf6 4. e3 Be7 5. Be2 0-0 6. Bb2 b6 7. 0-0 Bb7 8. d4 Ne4 9. Ne1 d6 10. f3 Nf6 11. Nd3 Qe8 12. Nf4 Bd8 13. Na3 g5 14. Nd3 Qg6 15. c5 Nd5 16. Nc2 Nd7 17. b4 Be7 18. Qd2 a5 19. cxd6 cxd6 20. b5 Rac8 21. Rac1 Rc7 22. Na3 Rfc8 23. Rxc7 Rxc7 24. Rc1 Rxc1+ 25. Bxc1 N7f6 26. Nc4 Qe8 27. a4 Qc8 28. Nf2 Qc7 29. Bf1 Ne8 30. Bb2 Bf6 31. e4 Nf4 32. e5 dxe5 33. dxe5 Be7 34. Bd4 Nd5 35. h4 h6 36. Nh3 Qd8 37. hxg5 hxg5 38. Qf2 Qc8 39. Nxb6 Nxb6 40. Bxb6 Ng7 41. Qd4 Bd5 42. Nf2 Qc1 43. Bxa5 Nh5 44. Bd2 Qb1 45. Qc3 Nf4 46. Qc1 Qa2 47. a5 Ba3 48. Qe1 Bc5 49. Be3 Bxe3 50. Qxe3 Qxa5 51. g3 Ng6 52. Qxg5 Kh7 53. Qe3 Qa1 54. Nd3 Bc4 55. b6 Bxd3 56. Qxd3 Qxe5 57. Qd7+ Kh6 58. Qd2+ f4 59. gxf4 Nxf4 60. b7 Qg7+ 61. Kf2 Qxb7 62. Qxf4+ Kg7 63. Qd4+ Kf7 64. Bc4 1-0

[Event "Litomysl op"]
[Site "Litomysl"]
[Date "2006.12.26"]
[Round "1"]
[White "Kool, Gerard J"]
[Black "Grunberg, Mihai Lucian"]
[Result "0-1"]
[WhiteElo "2109"]
[BlackElo "2414"]
[PlyCount "64"]
[EventDate "2006.12.26"]
[EventType "swiss"]
[EventRounds "9"]
[EventCountry "CZE"]
[SourceTitle "CBM 116 Extra"]
[Source "ChessBase"]
[SourceDate "2007.03.07"]
[SourceVersion "1"]
[SourceVersionDate "2007.03.07"]
[SourceQuality "1"]

1. b4 e5 2. Bb2 Bxb4 3. Bxe5 Nf6 4. Nf3 d5 5. e3 0-0 6. a3 Ba5 7. Be2 c5 8. 0-0 Nc6 9. Bg3 Re8 10. d3 b5 11. c3 a6 12. a4 Bf5 13. Nh4 Bd7 14. Qc2 Qe7 15. axb5 axb5 16. Nd2 d4 17. cxd4 Nxd4 18. Qd1 Nd5 19. Ne4 Nxe2+ 20. Qxe2 Nc3 21. Nxc3 Bxc3 22. Rxa8 Rxa8 23. Qf3 Ra7 24. Bb8 Ra4 25. Nf5 Qf6 26. Ng3 Qxf3 27. gxf3 Bh3 28. Rb1 Ra1 29. Rxa1 Bxa1 30. Nf1 c4 31. dxc4 bxc4 32. Bd6 c3 0-1

[Event "EU-chT Seniors 08th"]
[Site "Dresden"]
[Date "2006.02.21"]
[Round "5"]
[White "Littlewood, John Eric"]
[Black "Kool, Gerard J"]
[Result "1-0"]
[WhiteElo "2275"]
[BlackElo "2126"]
[PlyCount "87"]
[EventDate "2006.02.17"]
[EventType "team-swiss"]
[EventRounds "8"]
[EventCountry "GER"]
[SourceTitle "CBM 111 Extra"]
[Source "ChessBase"]
[SourceDate "2006.05.09"]
[SourceVersion "1"]
[SourceVersionDate "2006.05.09"]
[SourceQuality "1"]
[WhiteTeam "Great Britain"]
[BlackTeam "Oranje"]
[WhiteTeamCountry "GBR"]
[BlackTeamCountry "NED"]

1. e4 e6 2. d3 d5 3. Nc3 c5 4. g3 b6 5. Bg2 Bb7 6. Nf3 Nf6 7. e5 Nfd7 8. 0-0 a6 9. Qe2 Nc6 10. Bf4 Be7 11. h4 h6 12. h5 Nf8 13. Rae1 Nh7 14. Nd1 Ng5 15. Nh2 Nd4 16. Qd2 Qc7 17. Ne3 0-0-0 18. g4 g6 19. c3 Nc6 20. Bg3 Rhg8 21. hxg6 fxg6 22. f4 Nf7 23. Nc2 d4 24. c4 Rde8 25. Qf2 Bd8 26. Nf3 Ne7 27. b4 h5 28. bxc5 bxc5 29. Rb1 Bc6 30. Nfxd4 cxd4 31. Nxd4 Bxg2 32. Qxg2 Qa7 33. Bf2 Bb6 34. c5 Bc7 35. Nxe6 Nd8 36. c6 Qxf2+ 37. Qxf2 Nxe6 38. Rfc1 Rgf8 39. Qa7 Kd8 40. Rb8+ Nc8 41. Rxc8+ Kxc8 42. Qa8+ Bb8 43. Qb7+ Kd8 44. Qd7# 1-0

[Event "BEL-chT 0506"]
[Site "Belgium"]
[Date "2005.11.06"]
[Round "3"]
[White "Van der Burch, Arie"]
[Black "Kool, Gerard J"]
[Result "1/2-1/2"]
[WhiteElo "2219"]
[BlackElo "2126"]
[PlyCount "36"]
[EventDate "2005.10.09"]
[EventType "team-tourn"]
[EventRounds "11"]
[EventCountry "BEL"]
[SourceTitle "EXT 2006"]
[Source "ChessBase"]
[SourceDate "2005.11.24"]
[SourceVersion "1"]
[SourceVersionDate "2005.11.24"]
[SourceQuality "1"]
[WhiteTeam "Borgerhout"]
[BlackTeam "KGSRL"]
[WhiteTeamCountry "BEL"]
[BlackTeamCountry "BEL"]

1. d4 Nf6 2. c4 g6 3. Nc3 d5 4. cxd5 Nxd5 5. Nf3 Bg7 6. Qb3 Nxc3 7. bxc3 c5 8. e3 0-0 9. Be2 Qc7 10. 0-0 e6 11. Ba3 Nd7 12. e4 Re8 13. e5 a6 14. Nd2 b5 15. Ne4 Bf8 16. Bf3 Rb8 17. Rac1 Bb7 18. Rfd1 Bd5 1/2-1/2

[Event "VAM Hoogeveen op"]
[Site "Hoogeveen"]
[Date "1998.10.17"]
[Round "2"]
[White "Kool, Gerard J"]
[Black "De Jong, Migchiel"]
[Result "0-1"]
[WhiteElo "2100"]
[BlackElo "2280"]
[PlyCount "92"]
[EventDate "1998.09.??"]
[EventType "swiss"]
[EventRounds "9"]
[EventCountry "NED"]
[SourceTitle "EXT 1999"]
[Source "ChessBase"]
[SourceDate "1998.11.16"]
[SourceVersion "1"]
[SourceVersionDate "1998.11.16"]
[SourceQuality "1"]

1. b4 e5 2. Bb2 Bxb4 3. Bxe5 Nf6 4. Nf3 Nc6 5. Bb2 d5 6. e3 0-0 7. Be2 Bg4 8. 0-0 Re8 9. a3 Bd6 10. d4 Ne4 11. Nbd2 Qf6 12. Nxe4 dxe4 13. Nd2 Qh6 14. g3 Bh3 15. Re1 f5 16. c4 Kh8 17. c5 Be7 18. Qb3 b6 19. Qf7 Bf6 20. Qh5 Qxh5 21. Bxh5 Red8 22. cxb6 cxb6 23. Rac1 Ne7 24. Be2 Nd5 25. Ba6 Bg4 26. Nc4 Bh5 27. Ne5 Be8 28. Bb7 Rab8 29. Bc6 h5 30. Bxd5 Rxd5 31. Rc7 Ra5 32. Rec1 Kh7 33. Kg2 Rb5 34. R1c2 a5 35. h3 Rd5 36. g4 hxg4 37. hxg4 fxg4 38. Rc1 Kg8 39. Kg3 Rbd8 40. Nxg4 R8d6 41. Rb7 Bd7 42. Nxf6+ Rxf6 43. f4 exf3 44. Kf2 Rg5 45. Rxd7 Rg2+ 46. Kf1 Rh6 0-1

[Event "NED-ch53 sf"]
[Site "Enschede"]
[Date "1998.01.05"]
[Round "3"]
[White "Ellenbroek, Ton"]
[Black "Kool, Gerard J"]
[Result "1-0"]
[WhiteElo "2090"]
[BlackElo "2185"]
[PlyCount "85"]
[EventDate "1998.01.03"]
[EventType "swiss"]
[EventRounds "9"]
[EventCountry "NED"]
[SourceTitle "CBM 062 Extra"]
[Source "ChessBase"]
[SourceDate "1998.03.09"]
[SourceVersion "1"]
[SourceVersionDate "1998.03.09"]
[SourceQuality "1"]

1. e4 e5 2. Nf3 d6 3. d4 Nf6 4. dxe5 Nxe4 5. Qd5 Nc5 6. Bg5 Be7 7. exd6 Qxd6 8. Nc3 c6 9. Qxd6 Bxd6 10. 0-0-0 Bc7 11. Bc4 Ne6 12. Rhe1 h6 13. Bh4 0-0 14. Ne4 b5 15. Bb3 a5 16. a3 Na6 17. Ba2 g5 18. Bg3 Nf4 19. Nd6 Bg4 20. Bxf4 gxf4 21. Re7 Bh5 22. Nf5 Rad8 23. Rdd7 Rxd7 24. Rxd7 Kh7 25. N3d4 f3 26. g3 Bb6 27. Rd6 Bg6 28. Rxc6 Rb8 29. c3 Nc5 30. Bb1 Nd7 31. Nh4 Ne5 32. Nxg6 Nxc6 33. Ne7+ Kh8 34. Nexc6 Re8 35. Kd2 h5 36. Bd3 b4 37. axb4 axb4 38. Nxb4 h4 39. gxh4 Rg8 40. Nd5 Bd8 41. Nxf3 Rg2 42. Ke2 Kg7 43. Ne3 1-0

[Event "NED-ch53 sf"]
[Site "Enschede"]
[Date "1998.01.03"]
[Round "1"]
[White "Visser, Yge"]
[Black "Kool, Gerard J"]
[Result "1-0"]
[WhiteElo "2360"]
[BlackElo "2185"]
[PlyCount "89"]
[EventDate "1998.01.03"]
[EventType "swiss"]
[EventRounds "9"]
[EventCountry "NED"]
[SourceTitle "CBM 062 Extra"]
[Source "ChessBase"]
[SourceDate "1998.03.09"]
[SourceVersion "1"]
[SourceVersionDate "1998.03.09"]
[SourceQuality "1"]

1. e4 c5 2. Nf3 e6 3. d3 Nc6 4. g3 d6 5. Bg2 g6 6. 0-0 Bg7 7. c3 Nf6 8. Nbd2 0-0 9. Re1 Rb8 10. d4 b5 11. dxc5 dxc5 12. Nb3 c4 13. Qxd8 Rxd8 14. Nbd4 Nxd4 15. Nxd4 Bd7 16. Bf4 Rbc8 17. Rad1 Be8 18. e5 Nd5 19. Bg5 Rd7 20. Nxb5 h6 21. Bc1 Bf8 22. Nd6 Bxd6 23. exd6 Rxd6 24. Bxh6 Rb6 25. Bc1 Bc6 26. Rd4 Bb7 27. Bf1 Rbc6 28. h4 Rc5 29. Re5 Kg7 30. h5 Kf6 31. Ree4 Ne7 32. Rf4+ Nf5 33. hxg6 Rh8 34. Bg2 Re5 35. Bd2 Bxg2 36. Kxg2 Kxg6 37. Rg4+ Kh7 38. Rd7 Rf8 39. Rxc4 a5 40. Rg4 Rb5 41. b3 Rbb8 42. Bg5 Rb5 43. Rd1 Rc8 44. Rh1+ Kg7 45. Be7# 1-0

[Event "NED-chT"]
[Site "Netherlands"]
[Date "1997.??.??"]
[Round "?"]
[White "Boersma, Paul"]
[Black "Kool, Gerard J"]
[Result "1-0"]
[WhiteElo "2355"]
[BlackElo "2180"]
[PlyCount "79"]
[EventDate "1997.??.??"]
[EventType "team"]
[EventRounds "9"]
[EventCountry "NED"]
[SourceTitle "EXT 2007"]
[Source "ChessBase"]
[SourceDate "2006.11.23"]
[SourceVersion "1"]
[SourceVersionDate "2006.11.23"]
[SourceQuality "1"]

1. Nf3 Nf6 2. c4 g6 3. Nc3 d5 4. Qa4+ Bd7 5. Qb3 dxc4 6. Qxc4 Bg7 7. e4 0-0 8. e5 Ng4 9. d4 c6 10. h3 b5 11. Qe2 Nh6 12. Bf4 c5 13. d5 Qa5 14. Qd2 b4 15. Ne4 Nf5 16. Rc1 Rd8 17. a3 Bc6 18. Rxc5 Qb6 19. axb4 e6 20. Bg5 Rxd5 21. Qc3 Rxc5 22. bxc5 Qc7 23. Nf6+ Kh8 24. h4 Nd7 25. h5 Bxf3 26. hxg6 h6 27. Qxf3 Rb8 28. Nxd7 Qxd7 29. Bd3 fxg6 30. g4 Nd4 31. Qe4 Rf8 32. f4 Kg8 33. Bxh6 Qa4 34. Bxg7 Qa1+ 35. Kf2 Qxb2+ 36. Kg3 Nf5+ 37. gxf5 gxf5 38. Qe2 Qb7 39. Bxf8 Qxh1 40. Bd6 1-0

[Event "NED-chT 9697"]
[Site "Netherlands"]
[Date "1996.??.??"]
[Round "7"]
[White "Kool, Gerard J"]
[Black "Kuipers, Eelco"]
[Result "0-1"]
[WhiteElo "2260"]
[BlackElo "2165"]
[PlyCount "114"]
[EventDate "1996.??.??"]
[EventType "team"]
[EventRounds "11"]
[EventCountry "NED"]
[SourceTitle "EXT 2001"]
[Source "ChessBase"]
[SourceDate "2000.11.22"]
[SourceVersion "1"]
[SourceVersionDate "2000.11.22"]
[SourceQuality "1"]

1. c4 Nf6 2. g3 e6 3. Bg2 d5 4. Nf3 c6 5. Qc2 Be7 6. 0-0 0-0 7. d4 Nbd7 8. b3 Ne4 9. Bb2 f5 10. e3 g5 11. Ne1 g4 12. f4 gxf3 13. Nxf3 Ndf6 14. Ba3 Ng4 15. Bxe7 Qxe7 16. Re1 Qg7 17. Nbd2 Bd7 18. Nf1 Be8 19. a3 Bg6 20. Nh4 h5 21. Ra2 Bh7 22. Qc1 Kh8 23. Ree2 Rf7 24. Qe1 Raf8 25. h3 Ngf6 26. Kh2 Rg8 27. Bh1 Qf8 28. Rg2 Rfg7 29. Rg1 Qb8 30. Bf3 Ng5 31. Bd1 Qd6 32. c5 Qb8 33. Rag2 Nge4 34. Nf3 Qc7 35. b4 a6 36. a4 Qf7 37. Be2 Nd7 38. Bd3 Qf6 39. b5 axb5 40. axb5 e5 41. Bxe4 fxe4 42. dxe5 Nxe5 43. Nxe5 Qxe5 44. bxc6 bxc6 45. Qe2 Rb8 46. Qf2 Qe7 47. Qe2 Bg6 48. g4 h4 49. Qe1 Rf8 50. g5 Qe5+ 51. Kh1 Rf3 52. Nh2 Rxh3 53. Rf1 Bh5 54. Rf8+ Kh7 55. Rf4 Rxg5 56. Rxh4 Rxh4 57. Qxh4 Qa1+ 0-1